000 01302nam a22002537a 4500
001 7557
003 FISKH
005 20250724094904.0
008 250724b cb ||||| |||| 00| 0 eng d
040 _aFISKH
_beng
_cFISKH
_dFISKH
050 _aPZ7.N833 A
082 _a428.6281
100 _aNordtvedt, Matilda
245 _aAll things-even Frisky /
_cby Matilda Nordtvedt
260 _aChicago :
_bMoody Press,
_c1973.
300 _a180 pages :
_bcolor illustrations ;
_c26 cm
505 _aR
520 _aThis heartwarming Christian children's story follows the journey of Kara, a young girl who deeply desires a pet of her own. Her wish comes true when she receives Frisky, a mischievous little dog full of energy and personality. Through the ups and downs of caring for Frisky—including some challenging and emotional moments—Kara learns important lessons about love, responsibility, obedience, faith, and trusting God. The story beautifully weaves together Christian values and everyday life experiences, showing young readers how God cares for them in all things—even the little things like a beloved pet.
521 8 _a660
_bLexile estimate
521 8 _aR
_bRaz-Plus
650 _aDogs
_vChildren's Fiction
_xElementary Reader
942 _2ddc
_cBK
_n0
999 _c7557
_d7557